<?xml version="1.0" encoding="UTF-8"?>
<record
    xmlns:xsi="http://www.w3.org/2001/XMLSchema-instance"
    xsi:schemaLocation="http://www.loc.gov/MARC21/slim http://www.loc.gov/standards/marcxml/schema/MARC21slim.xsd"
    xmlns="http://www.loc.gov/MARC21/slim">

  <leader>04055nam a2200481Ii 4500</leader>
  <controlfield tag="001">DIGIBE0031</controlfield>
  <controlfield tag="003">NyNyDIG</controlfield>
  <controlfield tag="008">140701s2011    sp      ob    000 0 spa d</controlfield>
  <controlfield tag="006">m     o  d        </controlfield>
  <controlfield tag="007">cr |||||||||||</controlfield>
  <datafield tag="020" ind1=" " ind2=" ">
    <subfield code="a">9783954871063</subfield>
    <subfield code="q">(eBook)</subfield>
  </datafield>
  <datafield tag="020" ind1=" " ind2=" ">
    <subfield code="z">9788484896074</subfield>
    <subfield code="q">(Iberoamericana)</subfield>
  </datafield>
  <datafield tag="020" ind1=" " ind2=" ">
    <subfield code="z">8484896072</subfield>
    <subfield code="q">(Iberoamericana)</subfield>
  </datafield>
  <datafield tag="020" ind1=" " ind2=" ">
    <subfield code="z">9783865276612</subfield>
    <subfield code="q">(Vervuert)</subfield>
  </datafield>
  <datafield tag="020" ind1=" " ind2=" ">
    <subfield code="z">386527661X</subfield>
    <subfield code="q">(Vervuert)</subfield>
  </datafield>
  <datafield tag="035" ind1=" " ind2=" ">
    <subfield code="a">(OCoLC)891306109</subfield>
  </datafield>
  <datafield tag="040" ind1=" " ind2=" ">
    <subfield code="a">DGITA</subfield>
    <subfield code="b">eng</subfield>
    <subfield code="e">rda</subfield>
    <subfield code="e">pn</subfield>
    <subfield code="c">DGITA</subfield>
  </datafield>
  <datafield tag="050" ind1="1" ind2="4">
    <subfield code="a">PQ6144 eBook</subfield>
  </datafield>
  <datafield tag="245" ind1="0" ind2="3">
    <subfield code="a">La ejemplaridad en la narrativa espa&#xF1;ola contempor&#xE1;nea, 1950-2010 /</subfield>
    <subfield code="c">Am&#xE9;lie Florenchie, Isabelle Touton (eds.).</subfield>
  </datafield>
  <datafield tag="264" ind1=" " ind2="1">
    <subfield code="a">Madrid :</subfield>
    <subfield code="b">Iberoamericana ;</subfield>
    <subfield code="a">Frankfurt am Main :</subfield>
    <subfield code="b">Vervuert,</subfield>
    <subfield code="c">2011.</subfield>
  </datafield>
  <datafield tag="300" ind1=" " ind2=" ">
    <subfield code="a">1 online resource (324 pages).</subfield>
  </datafield>
  <datafield tag="336" ind1=" " ind2=" ">
    <subfield code="a">text</subfield>
    <subfield code="b">txt</subfield>
    <subfield code="2">rdacontent</subfield>
  </datafield>
  <datafield tag="337" ind1=" " ind2=" ">
    <subfield code="a">computer</subfield>
    <subfield code="b">c</subfield>
    <subfield code="2">rdamedia</subfield>
  </datafield>
  <datafield tag="338" ind1=" " ind2=" ">
    <subfield code="a">online resource</subfield>
    <subfield code="b">cr</subfield>
    <subfield code="2">rdacarrier</subfield>
  </datafield>
  <datafield tag="504" ind1=" " ind2=" ">
    <subfield code="a">Includes bibliographical references.</subfield>
  </datafield>
  <datafield tag="505" ind1="0" ind2=" ">
    <subfield code="a">Introducci&#xF3;n -- Del "exemplum" medieval a la ejemplaridad contempor&#xE1;nea -- La perspectiva de los novelistas -- La ejemplaridad hoy : un pacto de responsabilidad con los lectores / Isaac Rosa -- Apuntes para otra est&#xE9;tica de la resistencia / Ricardo Men&#xE9;ndez Salm&#xF3;n -- Novelas hist&#xF3;ricas, novelas ejemplares / Paloma D&#xED;az-Mas -- La ejemplaridad : un pacto de responsabilidad con los lectores -- La ejemplaridad literaria en tiempos del realismo social / Genevi&#xE8;ve Champeau -- Ejemplaridad y ambig&#xFC;edad en la obra novelesca de Rafael Chirbes / Catherine Orsini-Saillet -- La nueva ejemplaridad de Marcos Ana / Isabelle Steffen-Prat -- La ejemplaridad del compromiso literario de Juan Goytisolo en "Las semanas del jard&#xED;n" / Yannick Llored -- Isaac Rosa, o, La "escritura responsable" / Am&#xE9;lie Florenchie -- Apuntes para otra est&#xE9;tica de la resistencia -- "Tiempo de silencio" : &#xE9;rase una vez la revoluci&#xF3;n literaria : en torno a un ejemplo ejemplar de contraejemplaridad / Beno&#xEE;t Mitaine -- Las novelas "ejemplares" de Jos&#xE9; Manuel Caballero Bonald : latinoamericanismo y disidencia ideol&#xF3;gica en la Espa&#xF1;a del franquismo / Antonio Francisco Pedr&#xF3;s-Gasc&#xF3;n -- Novelas hist&#xF3;ricas, novelas ejemplares -- Ejemplaridad de la "narrativa-reescritura" de Paloma D&#xED;az-Mas / Isabelle Touton -- Manuel V&#xE1;zquez Montalb&#xE1;n y la novela posthist&#xF3;rica : la ejemplaridad pol&#xED;tica en "O C&#xE9;sar o nada" (1998) / Agn&#xE8;s Delage -- Y-- la construcci&#xF3;n de g&#xE9;neros(s) : nuevos ejemplos femeninos, juveniles y reconfiguraci&#xF3;n de lo masculino -- Las ni&#xF1;as ejemplares en "Nosotros, los Rivero" de Dolores Medio / Maylis Santa-Cruz -- Jos&#xE9; Mar&#xED;a Guelbenzu : en busca de la figura femenina ejemplar / Myriam Roche -- Trayectorias ejemplares en "Hay algo que no es como me dicen : el caso de Nevenka Fern&#xE1;ndez contra la realidad," de Juan Jos&#xE9; Mill&#xE1;s / Isabelle Fauquet -- La ejemplaridad en la literatura infantil : el caso de la obra de Laura Gallego Garc&#xED;a / Philippe Merlo -- Construcci&#xF3;n y "deconstrucci&#xF3;n : figuras &#xBF;ejemplares? en cuatro relatos de Ricardo Men&#xE9;ndez Salm&#xF3;n / Nicolas Mollard.</subfield>
  </datafield>
  <datafield tag="588" ind1="0" ind2=" ">
    <subfield code="a">Online resource; title from ePub and PDF title page (Digitalia, viewed July 5, 2014)</subfield>
  </datafield>
  <datafield tag="650" ind1=" " ind2="0">
    <subfield code="a">Spanish fiction</subfield>
    <subfield code="y">20th century</subfield>
    <subfield code="x">History and criticism.</subfield>
  </datafield>
  <datafield tag="650" ind1=" " ind2="0">
    <subfield code="a">Spanish fiction</subfield>
    <subfield code="y">21st century</subfield>
    <subfield code="x">History and criticism.</subfield>
  </datafield>
  <datafield tag="650" ind1=" " ind2="0">
    <subfield code="a">Literature and morals.</subfield>
  </datafield>
  <datafield tag="650" ind1=" " ind2="0">
    <subfield code="a">Example.</subfield>
  </datafield>
  <datafield tag="650" ind1=" " ind2="0">
    <subfield code="a">Influence (Literary, artistic, etc.)</subfield>
  </datafield>
  <datafield tag="650" ind1=" " ind2="0">
    <subfield code="a">Exempla.</subfield>
  </datafield>
  <datafield tag="655" ind1=" " ind2="0">
    <subfield code="a">Electronic books.</subfield>
  </datafield>
  <datafield tag="700" ind1="1" ind2=" ">
    <subfield code="a">Florenchie, Am&#xE9;lie,</subfield>
    <subfield code="d">1976-</subfield>
    <subfield code="e">editor.</subfield>
  </datafield>
  <datafield tag="700" ind1="1" ind2=" ">
    <subfield code="a">Touton, Isabelle,</subfield>
    <subfield code="e">editor.</subfield>
  </datafield>
  <datafield tag="791" ind1="2" ind2=" ">
    <subfield code="a">Digitalia (Firm),</subfield>
    <subfield code="e">distributor.</subfield>
  </datafield>
  <datafield tag="793" ind1="0" ind2=" ">
    <subfield code="g">Digitalia eBook Collection:</subfield>
    <subfield code="a">Iberoamericana/Vervuert.</subfield>
  </datafield>
  <datafield tag="776" ind1="0" ind2="8">
    <subfield code="i">Print version:</subfield>
    <subfield code="t">Ejemplaridad en la narrativa espa&#xF1;ola contempor&#xE1;nea, 1950-2010.</subfield>
    <subfield code="d">Madrid : Iberoamericana ; Frankfurt am Main : Vervuert, 2011</subfield>
    <subfield code="z">9788484896074</subfield>
    <subfield code="w">(OCoLC)759153200</subfield>
  </datafield>
  <datafield tag="856" ind1="4" ind2="0">
    <subfield code="3">Digitalia Hisp&#xE1;nica</subfield>
    <subfield code="u">https://www.digitaliapublishing.com/a/25670/</subfield>
  </datafield>
  <datafield tag="910" ind1=" " ind2=" ">
    <subfield code="a">Premium Collection: 2013</subfield>
  </datafield>
  <datafield tag="942" ind1=" " ind2=" ">
    <subfield code="c">RAA</subfield>
  </datafield>
  <datafield tag="952" ind1=" " ind2=" ">
    <subfield code="0">0</subfield>
    <subfield code="1">0</subfield>
    <subfield code="4">0</subfield>
    <subfield code="7">0</subfield>
    <subfield code="8">DEH</subfield>
    <subfield code="a">BD-UIN</subfield>
    <subfield code="b">BD-UIN</subfield>
    <subfield code="d">2025-04-25</subfield>
    <subfield code="l">0</subfield>
    <subfield code="r">2025-04-25</subfield>
    <subfield code="w">2025-04-25</subfield>
    <subfield code="y">RAA</subfield>
  </datafield>
  <datafield tag="999" ind1=" " ind2=" ">
    <subfield code="c">238682</subfield>
    <subfield code="d">238682</subfield>
  </datafield>
</record>
